Companion to Peripheral neuropathy : (Record no. 167405)
[ view plain ]
| 000 -LEADER | |
|---|---|
| fixed length control field | 01115cam a22003254a 4500 |
| 008 - FIXED-LENGTH DATA ELEMENTS--GENERAL INFORMATION | |
| fixed length control field | |
| 020 ## - INTERNATIONAL STANDARD BOOK NUMBER | |
| International Standard Book Number | 9781437700015 (hbk.) |
| 049 ## - LOCAL HOLDINGS (OCLC) | |
| Holding library | MAIN |
| 090 00 - LOCALLY ASSIGNED LC-TYPE CALL NUMBER (OCLC); LOCAL CALL NUMBER (RLIN) | |
| Classification number (OCLC) (R) ; Classification number, CALL (RLIN) (NR) | RC409 |
| Local cutter number (OCLC) ; Book number/undivided call number, CALL (RLIN) | COM |
| 003 - CONTROL NUMBER IDENTIFIER | |
| control field | |
| 005 - DATE AND TIME OF LATEST TRANSACTION | |
| control field | 20230123141102.0 |
| 040 ## - CATALOGING SOURCE | |
| Transcribing agency | NUST |
| 245 00 - TITLE STATEMENT | |
| Title | Companion to Peripheral neuropathy : |
| Remainder of title | illustrated cases and new developments / |
| Statement of responsibility, etc. | Peter J. Dyck ... et al. |
| 260 ## - PUBLICATION, DISTRIBUTION, ETC. | |
| Place of publication, distribution, etc. | Philadelphia : |
| Name of publisher, distributor, etc. | Saunders Elsevier, |
| Date of publication, distribution, etc. | 2010. |
| 300 ## - PHYSICAL DESCRIPTION | |
| Extent | xxviii, 355 p. : |
| Other physical details | ill. col. ; |
| Dimensions | 29 cm. |
| 500 ## - GENERAL NOTE | |
| General note | Includes index. |
| 504 ## - BIBLIOGRAPHY, ETC. NOTE | |
| Bibliography, etc. note | Includes bibliographical references. |
| 650 #0 - SUBJECT ADDED ENTRY--TOPICAL TERM | |
| Topical term or geographic name entry element | Nerves, Peripheral |
| General subdivision | Diseases |
| Form subdivision | Case studies. |
| 650 12 - SUBJECT ADDED ENTRY--TOPICAL TERM | |
| Topical term or geographic name entry element | Peripheral Nervous System Diseases |
| Form subdivision | Case Reports. |
| 650 22 - SUBJECT ADDED ENTRY--TOPICAL TERM | |
| Topical term or geographic name entry element | Peripheral Nervous System Diseases |
| General subdivision | diagnosis |
| Form subdivision | Case Reports. |
| 700 1# - ADDED ENTRY--PERSONAL NAME | |
| Personal name | Dyck, Peter James. |
| 700 ## - ADDED ENTRY--PERSONAL NAME | |
| Personal name | Klein, Christopher J. |
| 700 ## - ADDED ENTRY--PERSONAL NAME | |
| Personal name | Spinner, Robert J. |
| 700 ## - ADDED ENTRY--PERSONAL NAME | |
| Personal name | Amrami, Kimberly K. |
| 700 ## - ADDED ENTRY--PERSONAL NAME | |
| Personal name | Low, Phillip A. |
| 700 ## - ADDED ENTRY--PERSONAL NAME | |
| Personal name | Engelstad, JaNean K. |
| 730 0# - ADDED ENTRY--UNIFORM TITLE | |
| Uniform title | Peripheral neuropathy. |
| 907 ## - LOCAL DATA ELEMENT G, LDG (RLIN) | |
| a | .b10388928 |
| b | 04-12-18 |
| c | 16-02-18 |
| 942 ## - ADDED ENTRY ELEMENTS (KOHA) | |
| Koha item type | Ordinary Loan Books |
| Call number prefix | RC409 |
| Call number suffix | COM |
| Date last seen | Total Checkouts | Full call number | Barcode | Cost, replacement price | Price effective from | Koha item type | Lost status | Source of classification or shelving scheme | Damaged status | Not for loan | Collection | Withdrawn status | Home library | Current library | Shelving location | Date acquired | Cost, normal purchase price |
|---|---|---|---|---|---|---|---|---|---|---|---|---|---|---|---|---|---|
| 01/23/2023 | RC409 COM | 92004044250 | 80.00 | 01/23/2023 | BOOKS | LCC | NFIC | MAIN | MAIN | GEN | 01/23/2023 | 80.00 |